000
00249nam a2200109Ia 4500
008
231212s1994 xx 000 0 und d
041
_a
eng
082
_a
604.2
100
_a
Powell P.
245
_a
Principales Of
260
_a
New York
_b
Mc Graw
_c
1994
999
_c
964640
_d
964640